Familia Falafela - Top 50 użytkowników - levele na vc - Statystyki

Ogólne statystyki
  • Ten quiz został rozwiązany 13 razy
  • Średni wynik to 12 z 50
Statystyki odpowiedzi
Pozycja Użytkownik % Poprawnych
2 Bobuś
67%
1 Wujek
67%
7 BaL
56%
4 Koteł
56%
3 Niko Bellic
56%
13 Grek
44%
25 kARNO
44%
14 Kinder
44%
5 Lechicjan
44%
9 PaBLO
44%
17 Prezeska
44%
37 Wronelik
44%
10 Alvin
33%
18 Avers
33%
11 Jawor
33%
30 Ninja
33%
6 Quesco
33%
16 Sromasia
33%
44 Superpioto
33%
32 Filipex
22%
8 Fudthe
22%
28 Janek
22%
20 Kermit
22%
26 Majkel
22%
15 Oliver
22%
23 Pjotercio
22%
34 Pogoniak
22%
22 Repulser
22%
12 Vojtix
22%
29 Czerwony
11%
42 Dziobak
11%
35 Gdfsa
11%
19 Kebiarz
11%
27 Kudi
11%
36 Mixu
11%
47 Morcik
11%
31 MrPizza
11%
48 RAZAER
11%
40 Szynka
11%
33 Winny
11%
41 Chomik
0%
50 Konstancin
0%
24 Lukk
0%
43 Morro
0%
38 Pitersik
0%
39 Pociąg
0%
46 Sicarios
0%
21 Simon
0%
45 Vegeta
0%
49 Xajper
0%
Nie znaleziono quizów pasujących do podanych kryteriów
Rozkład punktacji
Procent ludzi z każdym wynikiem
Percentyl według liczby udzielonych odpowiedzi
Twoja historia wyników
Nie rozwiązałeś tego quizu